Estadísticas para Letra de «Cielito lindo»

Haz click aquí para intentar la prueba.

Estadísticas generales

  • Esta prueba ha sido intentada 49 veces
  • La puntuación promedio es 9 de 15

Estadísticas de respuestas

Letra% Correcto
EstribilloAy, ay, ay, ay, {canta}
98%
Estribillo
Cielito lindo los {corazones}
95%
Estribilloy {no} {llores}
95%
EstribilloPorque cantando se {alegran}
93%
Verso 1Un par de {ojitos} negros
75%
Verso 1
Cielito lindo de {contrabando}
73%
Verso 2Ese {lunar} que tienes,
cielito lindo
73%
Verso 1De la {sierra}, morena
70%
Verso 2Cielito lindo que a mí {me} {toca}
68%
Verso 2Junto a {la} {boca}, no
se lo des a nadie
64%
Verso 1Cielito lindo vienen {bajando}
61%
Verso 3Donde pones los {ojos}
45%
Verso 3Siempre que te {enamores}
14%
Verso 3Cielito lindo, no llores {luego}
11%
Verso 3Mira {primero},
mira {primero}
9%

Distribución de puntuación

Porcentaje por número respondido

Porcentaje de gente con cada puntuación

Historial de tus puntuaciones

No has intentado esta prueba.